| 000 | 01082nac a22002171u 4500 | ||
|---|---|---|---|
| 008 | 101220s xxu||||| |||| 00| 0 ara d | ||
| 082 |
_a671.2 _bج ر ا |
||
| 100 | 1 |
_aجراف ، هايتز _917375 |
|
| 245 |
_aأشغال المعادن / _cهاينز جراف ؛ ترجمة عبد المنعم عاكف ؛ إشراف أنور محمود عبد الواحد |
||
| 260 |
_aالقاهرة : _bمؤسسة الأهرام ، _c[د . ت]. |
||
| 300 |
_a134 ص : _bايض ؛ _c18 سم. |
||
| 490 | 0 |
_917331 _aالأسس التكنولوجية ؛ _n17 |
|
| 500 | _aهذا الكتاب ترجمة ل: Metal working | ||
| 650 |
_aأشغال المعادن _921591 |
||
| 650 |
_aلحام المعادن _921549 |
||
| 650 | _921587 | ||
| 700 | 1 |
_aعاكف ، عبد المنعم _921592 _eترجمة |
|
| 700 | 1 |
_aعبد الواحد ، أنور محمود _921593 _eإشراف |
|
| 942 |
_cBB _k671.2 ج ر ا _2ddc |
||
| 999 |
_c6337 _d6337 |
||